00265nam a2200097Ia 4500008004100000040002900041050002300070100002400093245002100117260002900138221221s9999 xx 000 0 und d cChuka University Library aPL 8704 bM39 1986 aMbwana, Mohammed M. 0aKazi za jua Kali aMowa Pub,bNairobic1986